Loading...
| History - European | 0 | 4 | 0 | 0 | 40 | 35 | 51.50 | 1 | 4 | 16.59 | 25.00 |
| Science - Biology | 0 | 3 | 0 | 0 | 30 | 55 | 59.00 | 2 | 3 | 10.78 | 20.37 |
| Philosophy | 0 | 3 | 0 | 2 | 30 | 76 | 96.33 | 1 | 1 | 2.90 | 14.44 |
| Fine Arts - Classical Music | 0 | 3 | 0 | 0 | 30 | 77 | 89.67 | 1 | 3 | 6.16 | 20.37 |
| Science - Other | 0 | 3 | 0 | 0 | 30 | 44 | 58.00 | 1 | 1 | 12.26 | 14.81 |
| Fine Arts - Other | 0 | 3 | 0 | 0 | 30 | 74 | 86.00 | 1 | 2 | 6.58 | 17.59 |
| History - Other | 0 | 3 | 0 | 1 | 30 | 30 | 56.33 | 0 | 2 | 12.52 | 19.44 |
| Current Events | 0 | 3 | 1 | 1 | 25 | 24 | 56.33 | 2 | 2 | 20.16 | 30.16 |
| Social Science | 0 | 2 | 0 | 0 | 20 | 43 | 73.00 | 1 | 1 | 8.44 | 18.06 |
| History - American | 0 | 2 | 0 | 1 | 20 | 51 | 78.50 | 1 | 2 | 4.25 | 15.74 |
| Literature - European | 0 | 2 | 0 | 0 | 20 | 56 | 66.00 | 0 | 1 | 7.54 | 7.41 |
| Science - Chemistry | 0 | 2 | 0 | 0 | 20 | 24 | 69.50 | 1 | 1 | 7.45 | 12.04 |
| Science - Physics | 0 | 2 | 0 | 0 | 20 | 67 | 82.50 | 1 | 1 | 3.33 | 10.19 |
| Religion | 0 | 2 | 1 | 0 | 15 | 28 | 44.00 | 0 | 2 | 9.45 | 12.96 |
| Literature - World | 0 | 1 | 0 | 0 | 10 | 76 | 76.00 | 1 | 1 | 2.83 | 8.33 |
| Geography | 0 | 1 | 0 | 0 | 10 | 65 | 65.00 | 0 | 1 | 6.82 | 14.81 |
| Literature - British | 0 | 1 | 0 | 0 | 10 | 41 | 41.00 | 1 | 1 | 5.34 | 8.33 |
| Popular Culture | 0 | 1 | 0 | 0 | 10 | 27 | 27.00 | 0 | 1 | 15.54 | 17.78 |